[Event "Gelsenkirchen Silvester op 6th"]
[Site "Gelsenkirchen"]
[Date "2018.12.27"]
[Round "2"]
[White "Acar, Esat"]
[Black "Illner, Ben"]
[Result "1-0"]
[WhiteElo "1608"]
[BlackElo "1028"]
[PlyCount "45"]
[EventDate "2018.12.27"]
[EventType "swiss"]
[EventRounds "7"]
[EventCountry "GER"]
[SourceTitle "CBM 188 Extra"]
[Source "ChessBase"]
[SourceDate "2019.02.26"]
[SourceVersion "1"]
[SourceVersionDate "2019.02.26"]
[SourceQuality "1"]

1. e4 e5 2. Nf3 Nc6 3. Bc4 Nf6 4. Ng5 d5 5. exd5 Nxd5 6. d4 Bd6 7. dxe5 Bxe5 8. Qxd5 Qxd5 9. Bxd5 f6 10. Nf7 Rf8 11. Bxc6+ bxc6 12. Nxe5 fxe5 13. 0-0 Ba6 14. Re1 Rd8 15. Nc3 Ke7 16. Bg5+ Kd7 17. Rad1+ Kc8 18. Bxd8 Rxd8 19. Rxd8+ Kxd8 20. Rxe5 Kc8 21. Re7 Bc4 22. Rxg7 Bd3 23. cxd3 1-0

[Event "Gelsenkirchen Silvester op 5th"]
[Site "Gelsenkirchen"]
[Date "2017.12.29"]
[Round "4"]
[White "Da Ces, Philippe"]
[Black "Acar, Esat"]
[Result "1-0"]
[WhiteElo "1975"]
[BlackElo "1473"]
[PlyCount "83"]
[EventDate "2017.12.27"]
[EventType "swiss"]
[EventRounds "5"]
[EventCountry "GER"]
[SourceTitle "CBM 182 Extra"]
[Source "ChessBase"]
[SourceDate "2018.02.23"]
[SourceVersion "1"]
[SourceVersionDate "2018.02.23"]
[SourceQuality "1"]

1. d4 f5 2. Nc3 Nf6 3. Bg5 e6 4. e4 fxe4 5. Nxe4 Be7 6. Bxf6 Bxf6 7. Qh5+ g6 8. Qh6 Nc6 9. c3 d5 10. Nxf6+ Qxf6 11. Nf3 Bd7 12. Bb5 0-0-0 13. Bxc6 Bxc6 14. 0-0-0 Bb5 15. Rhe1 Ba4 16. Rd2 Qf5 17. Qg5 Rde8 18. Re5 Qxg5 19. Nxg5 Bd7 20. Rde2 Rhg8 21. Nxh7 Rh8 22. Nf6 Ref8 23. Nxd7 Kxd7 24. Rxe6 Rxh2 25. Rxg6 b6 26. Kd2 Rf7 27. Kd3 c5 28. dxc5 bxc5 29. Ra6 Rf4 30. Rxa7+ Kd6 31. Ra6+ Kd7 32. Rg6 Rh1 33. f3 Rd1+ 34. Rd2 Rg1 35. Kc2 Rxf3 36. Rxd5+ Ke8 37. gxf3 Rxg6 38. Rxc5 Rf6 39. Rd5 Rxf3 40. a4 Rf4 41. Kb3 Ke7 42. c4 1-0

[Event "Gelsenkirchen Silvester op 5th"]
[Site "Gelsenkirchen"]
[Date "2017.12.27"]
[Round "2"]
[White "Acar, Esat"]
[Black "Ponto, Michael"]
[Result "1/2-1/2"]
[WhiteElo "1473"]
[BlackElo "1679"]
[PlyCount "51"]
[EventDate "2017.12.27"]
[EventType "swiss"]
[EventRounds "5"]
[EventCountry "GER"]
[SourceTitle "CBM 182 Extra"]
[Source "ChessBase"]
[SourceDate "2018.02.23"]
[SourceVersion "1"]
[SourceVersionDate "2018.02.23"]
[SourceQuality "1"]

1. e4 c5 2. d4 cxd4 3. Qxd4 Nc6 4. Qe3 e5 5. Nc3 Nf6 6. Nf3 Bb4 7. Bd2 0-0 8. Bc4 h6 9. 0-0-0 d6 10. h3 Bc5 11. Qe2 a6 12. g4 b5 13. Bb3 Na5 14. Bd5 Nxd5 15. Nxd5 Nc4 16. g5 Nxd2 17. Qxd2 hxg5 18. h4 g4 19. Rhg1 f5 20. Qg5 Qxg5+ 21. Nxg5 Bxf2 22. Rgf1 g3 23. Ne7+ Kh8 24. Ng6+ Kg8 25. Ne7+ Kh8 26. Ng6+ 1/2-1/2

[Event "Gelsenkirchen Silvester op 4th"]
[Site "Gelsenkirchen"]
[Date "2016.12.29"]
[Round "5"]
[White "Acar, Esat"]
[Black "Siegert, Robert"]
[Result "1-0"]
[WhiteElo "1259"]
[BlackElo "1630"]
[PlyCount "67"]
[EventDate "2016.12.27"]
[EventType "swiss"]
[EventRounds "5"]
[EventCountry "GER"]
[SourceTitle "EXT 2019"]
[Source "ChessBase"]
[SourceDate "2018.10.10"]
[SourceVersion "1"]
[SourceVersionDate "2018.10.10"]
[SourceQuality "1"]

1. e4 d5 2. exd5 Qxd5 3. Nc3 Qd8 4. d4 e6 5. Nf3 Nf6 6. Bf4 a6 7. Bd3 c5 8. dxc5 Bxc5 9. 0-0 Nc6 10. Ne5 Nb4 11. Ne4 Nxe4 12. Bxe4 0-0 13. c3 Nd5 14. Bg3 f5 15. Bc2 Qf6 16. Nd3 Bb6 17. Be5 Qg5 18. Qf3 Rd8 19. Rad1 Bd7 20. c4 Bc6 21. cxd5 Bxd5 22. Qg3 Qe7 23. Rfe1 Rac8 24. Bb1 Be4 25. Nf4 Bxb1 26. Rxd8+ Rxd8 27. Rxb1 Qd7 28. h4 Qf7 29. Nxe6 Rd2 30. Qxg7+ Qxg7 31. Nxg7 Rxf2 32. Kh1 Re2 33. Bc3 f4 34. Nh5 1-0

[Event "Gelsenkirchen Silvester op 4th"]
[Site "Gelsenkirchen"]
[Date "2016.12.28"]
[Round "3"]
[White "Acar, Esat"]
[Black "Dubberke, Alexander"]
[Result "1/2-1/2"]
[WhiteElo "1259"]
[BlackElo "1660"]
[PlyCount "56"]
[EventDate "2016.12.27"]
[EventType "swiss"]
[EventRounds "5"]
[EventCountry "GER"]
[SourceTitle "EXT 2019"]
[Source "ChessBase"]
[SourceDate "2018.10.10"]
[SourceVersion "1"]
[SourceVersionDate "2018.10.10"]
[SourceQuality "1"]

1. e4 c5 2. Nf3 Nc6 3. d4 cxd4 4. Nxd4 Nxd4 5. Qxd4 e6 6. Be3 Qf6 7. Nc3 Qxd4 8. Bxd4 a6 9. Bd3 Ne7 10. f4 Nc6 11. Be3 g6 12. 0-0-0 Bg7 13. g4 h5 14. h3 d6 15. Be2 Ke7 16. gxh5 gxh5 17. Rd2 e5 18. f5 Kd7 19. Nd5 Rb8 20. Rhd1 Nd4 21. Bf1 b5 22. Kb1 Bf8 23. Bg5 Nf3 24. Rg2 Nxg5 25. Rxg5 Bb7 26. c4 Bxd5 27. cxd5 Be7 28. Rg1 Rhg8 1/2-1/2

[Event "Gelsenkirchen Silvester op 3rd"]
[Site "Gelsenkirchen"]
[Date "2015.12.28"]
[Round "3"]
[White "Acar, Esat"]
[Black "Schimnatkowski, Marius"]
[Result "1-0"]
[WhiteElo "1084"]
[BlackElo "831"]
[PlyCount "77"]
[EventDate "2015.12.27"]
[EventType "swiss"]
[EventRounds "5"]
[EventCountry "GER"]
[SourceTitle "EXT 2019"]
[Source "ChessBase"]
[SourceDate "2018.10.10"]
[SourceVersion "1"]
[SourceVersionDate "2018.10.10"]
[SourceQuality "1"]

1. e4 e5 2. Nf3 Nc6 3. Bc4 d6 4. d4 Bg4 5. dxe5 Nxe5 6. Be2 Nf6 7. Nxe5 Bxe2 8. Nxf7 Bxd1 9. Nxd8 Rxd8 10. Kxd1 Nxe4 11. Re1 d5 12. f3 Bb4 13. c3 0-0 14. fxe4 dxe4+ 15. Kc2 Rf2+ 16. Kb3 Bd6 17. Bg5 Re8 18. Nd2 Rxg2 19. Nxe4 Rxh2 20. Nf6+ gxf6 21. Rxe8+ Kf7 22. Bf4 Kxe8 23. Bxh2 Bxh2 24. Rh1 Be5 25. Rxh7 Kd8 26. Kc4 c6 27. Rxb7 f5 28. Rxa7 f4 29. Ra5 Bc7 30. Rf5 Kd7 31. Rf7+ Kd8 32. Kc5 Ke8 33. Rxc7 f3 34. Rh7 f2 35. Rh1 Kd7 36. Rf1 Kc7 37. Rxf2 Kd8 38. Kd6 c5 39. Rf8# 1-0

[Event "Gelsenkirchen Silvester op 3rd"]
[Site "Gelsenkirchen"]
[Date "2015.12.27"]
[Round "1"]
[White "Acar, Esat"]
[Black "Stieglitz, Gotthard"]
[Result "0-1"]
[WhiteElo "1084"]
[BlackElo "1525"]
[PlyCount "76"]
[EventDate "2015.12.27"]
[EventType "swiss"]
[EventRounds "5"]
[EventCountry "GER"]
[SourceTitle "EXT 2019"]
[Source "ChessBase"]
[SourceDate "2018.10.10"]
[SourceVersion "1"]
[SourceVersionDate "2018.10.10"]
[SourceQuality "1"]

1. e4 e6 2. d4 c5 3. Nf3 cxd4 4. Nxd4 Nf6 5. Nd2 Be7 6. Be2 0-0 7. 0-0 Nc6 8. N4f3 d6 9. b3 Bd7 10. Bb2 e5 11. Ne1 Nd4 12. Nd3 Nxe2+ 13. Qxe2 Rc8 14. c4 b5 15. Rae1 bxc4 16. Nxc4 Bb5 17. Na3 Bxd3 18. Qxd3 Qb6 19. Nc4 Qb8 20. Qd2 Rc7 21. f4 exf4 22. Rxf4 h6 23. e5 dxe5 24. Bxe5 Rd8 25. Bxc7 Qxc7 26. Qc1 Nh7 27. Rff1 Bg5 28. Qb1 Qc5+ 29. Kh1 Nf6 30. Qf5 Rd5 31. Re5 Rxe5 32. Qxe5 Qc8 33. Qf5 Qa6 34. Rd1 g6 35. Qa5 Qe6 36. Qe5 Qg4 37. Qd4 Ne4 38. Re1 Ng3+ 0-1

[Event "Gelsenkirchen Silvester op 3rd"]
[Site "Gelsenkirchen"]
[Date "2015.12.27"]
[Round "2"]
[White "Kleinert, Andreas"]
[Black "Acar, Esat"]
[Result "1-0"]
[WhiteElo "1913"]
[BlackElo "1084"]
[PlyCount "27"]
[EventDate "2015.12.27"]
[EventType "swiss"]
[EventRounds "5"]
[EventCountry "GER"]
[SourceTitle "EXT 2019"]
[Source "ChessBase"]
[SourceDate "2018.10.10"]
[SourceVersion "1"]
[SourceVersionDate "2018.10.10"]
[SourceQuality "1"]

1. c4 e5 2. g3 Nf6 3. Bg2 Bc5 4. e3 d5 5. cxd5 Nxd5 6. a3 0-0 7. Ne2 c6 8. 0-0 Be6 9. b4 Bb6 10. Bb2 Nd7 11. Nbc3 f5 12. Nxd5 Bxd5 13. Bxd5+ cxd5 14. Qb3 1-0